Felix Holt, the radical / (Record no. 19695)
[ view plain ]
| 000 -LEADER | |
|---|---|
| fixed length control field | 00598cam a22002173 4500 |
| 001 - CONTROL NUMBER | |
| control field | 19695 |
| 003 - CONTROL NUMBER IDENTIFIER | |
| rucl marc code | BD-RjUL |
| 005 - DATE AND TIME OF LATEST TRANSACTION | |
| control field | 20211209000450.0 |
| 008 - FIXED-LENGTH DATA ELEMENTS--GENERAL INFORMATION | |
| fixed length control field | 140225r19661909xx 000 0 eng d |
| 035 ## - SYSTEM CONTROL NUMBER | |
| System control number | (BD-RjUL)19776 |
| System control number | 2451821 |
| 040 ## - CATALOGING SOURCE | |
| Original cataloging agency | ANL |
| Language of cataloging | eng |
| Transcribing agency | ANL |
| Modifying agency | BD-RjUL |
| 041 ## - LANGUAGE CODE | |
| Language code of text/sound track or separate title | eng |
| 082 ## - DEWEY DECIMAL CLASSIFICATION NUMBER | |
| Classification number | 823.8 |
| Author mark and year | ELF |
| 100 1# - MAIN ENTRY--PERSONAL NAME | |
| Personal name | Eliot, George., |
| Dates associated with a name | 1819-1880. |
| 9 (RLIN) | 60512 |
| 245 10 - TITLE STATEMENT | |
| Title | Felix Holt, the radical / |
| Statement of responsibility, etc. | George Eliot. |
| 260 ## - PUBLICATION, DISTRIBUTION, ETC. (IMPRINT) | |
| Place of publication, distribution, etc. | New York : |
| Name of publisher, distributor, etc. | Harper, |
| Date of publication, distribution, etc. | 1909 [reprinted 1966, 1967] |
| 300 ## - PHYSICAL DESCRIPTION | |
| Pagination | 444 p. : |
| Illustrations | ill. ; |
| Size | 19 cm. |
| 650 ## - SUBJECT ADDED ENTRY--TOPICAL TERM | |
| Topical term or geographic name as entry element | English literature |
| 9 (RLIN) | 60513 |
| 942 ## - ADDED ENTRY ELEMENTS (KOHA) | |
| Source of classification or shelving scheme | Dewey Decimal Classification |
| Koha item type | Books |
| Lost status | Source of classification or shelving scheme | Damaged status | Not for loan | Collection code | Permanent Location | Current Location | Shelving location | Date acquired | Source of acquisition | Cost, normal purchase price | Total Checkouts | Full call number | Date last seen | Copy number | Koha item type |
|---|---|---|---|---|---|---|---|---|---|---|---|---|---|---|---|
| Dewey Decimal Classification | Fiction | Central Library, University of Rajshahi | Central Library, University of Rajshahi | 29/11/1968 | Zeitlinger | 16.00 | 823.8 ELF 1966 | 25/02/2014 | C-2 | Books | |||||
| Dewey Decimal Classification | Fiction | Central Library, University of Rajshahi | Central Library, University of Rajshahi | 11/07/1977 | Heffers and Sons. | 1.50 | 823.8 ELF 1967 | 25/02/2014 | C-4 | Books | |||||
| Dewey Decimal Classification | Not For Loan | Non-fiction | Central Library, University of Rajshahi | Central Library, University of Rajshahi | Reading Room | 29/10/1968 | Zeitlinger | 16.00 | 823.8 ELF 1966 | 27/12/2023 | C-1 | Books | |||
| Dewey Decimal Classification | Non-fiction | Central Library, University of Rajshahi | Central Library, University of Rajshahi | Reading Room | 29/10/1968 | Zeitlinger | 16.00 | 823.8 ELF 1966 | 27/12/2023 | C-3 | Books |